[Event "CRO Ch seniors"]
[Site "Malinska"]
[Date "2018.11.06"]
[Round "4.7"]
[White "Causevic, Miro"]
[Black "Sulc, Gordana"]
[Result "0-1"]
[WhiteElo "1689"]
[BlackElo "1856"]
[PlyCount "124"]
[EventDate "2018.??.??"]

1. e4 c5 2. Nc3 a6 3. a4 Nc6 4. Bc4 e6 5. Ba2 Nf6 6. d3 Be7 7. f4 d5 8. e5 Ng8
9. Nf3 Nh6 10. Bd2 Nf5 11. Ne2 h5 12. Ng3 Bh4 13. Nxh4 Qxh4 14. O-O Nxg3 15.
hxg3 Qxg3 16. Rf3 Qg4 17. Rh3 Qg6 18. c3 Bd7 19. Qe1 Ne7 20. Qf2 Rc8 21. d4
Bxa4 22. b3 Bd7 23. Bb1 Nf5 24. dxc5 Bc6 25. Kh2 Rh6 26. Rg3 Qxg3+ 27. Qxg3
Nxg3 28. Kxg3 Rh8 29. Bd3 Ke7 30. b4 Ra8 31. f5 Bb5 32. Bc2 Bc4 33. Kh4 Rag8
34. Bd1 exf5 35. Bc2 Ke6 36. Re1 Rc8 37. Re3 Bb5 38. Rf3 g6 39. Be3 Ra8 40. Bg5
a5 41. Rf4 a4 42. Rd4 Bc4 43. Rd1 a3 44. Bf4 a2 45. Ra1 Ra3 46. Bd2 Rha8 47.
Kg5 Rf8 48. Kf4 Rc8 49. Ke3 Kxe5 50. Kf3 Kf6 51. Kf4 g5+ 52. Kf3 Re8 53. Bd1
Bd3 54. Be3 Bb1 55. Bd4+ Kg6 56. Kf2 f4 57. Bf3 Be4 58. b5 g4 59. Bd1 Bd3 60.
b6 Kf5 61. c4 g3+ 62. Kf3 Be2# 0-1

[Event "CRO Ch seniors"]
[Site "Malinska"]
[Date "2018.11.07"]
[Round "5.2"]
[White "Mravunac, Damir"]
[Black "Martic, Zlatko"]
[Result "1/2-1/2"]
[WhiteElo "2196"]
[BlackElo "2267"]
[PlyCount "111"]
[EventDate "2018.??.??"]
[WhiteClock "1:30:00"]
[BlackClock "1:30:00"]

1. e4 c5 2. Nf3 e6 3. d4 cxd4 4. Nxd4 Nc6 5. Nc3 Qc7 6. Be2 a6 7. Nxc6 bxc6 8.
O-O Nf6 9. Be3 d5 10. Bf3 Bd6 11. h3 O-O 12. exd5 cxd5 13. Na4 Rb8 14. b3 Bd7
15. Nb2 Be5 16. Bd4 Bxd4 17. Qxd4 Qxc2 18. Rac1 Qf5 19. Rc7 e5 20. Qc5 Rbc8 21.
Nd1 d4 22. Bb7 Rxc7 23. Qxc7 Bb5 24. Re1 Qd3 25. Qa5 Rb8 26. Qc7 Re8 27. Qa5
Rb8 28. Qc7 Nd7 29. Kh1 Qd2 30. Rg1 Qxa2 31. Bc8 Rxc8 32. Qxc8+ Nf8 33. Qc5 Qe2
34. f3 h6 35. Qb4 Ng6 36. Qe1 Qc2 37. b4 f5 38. Nf2 d3 39. Qe3 Qc4 40. Rb1 Qc3
41. h4 Nxh4 42. Rc1 Qxb4 43. Qxe5 d2 44. Rc7 Qf8 45. Qd5+ Kh7 46. Qxd2 Qf6 47.
Qc1 Qg6 48. Qg1 Qg3 49. Rc3 Ng6 50. Nh3 Qd6 51. Qc1 Qd4 52. Qe1 Qd6 53. Re3 Qd4
54. Re6 Bc4 55. Rc6 Bb5 56. Re6 1/2-1/2

[Event "CRO Ch seniors"]
[Site "Malinska"]
[Date "2018.11.07"]
[Round "5.3"]
[White "Mandekic, Ivan"]
[Black "Fucak, Emilio Milko"]
[Result "0-1"]
[WhiteElo "2232"]
[BlackElo "2199"]
[PlyCount "70"]
[EventDate "2018.??.??"]
[WhiteClock "1:30:00"]
[BlackClock "1:30:00"]

1. g3 Nf6 2. Bg2 e5 3. c4 c6 4. d4 e4 5. Nc3 d5 6. cxd5 cxd5 7. Bg5 Nbd7 8. Nh3
h6 9. Bf4 Qb6 10. Qb3 Bb4 11. O-O Bxc3 12. Qxc3 O-O 13. Rfc1 Re8 14. Bc7 Qa6
15. e3 g5 16. Bf1 Qe6 17. Bg2 Qg4 18. Rf1 Qh5 19. f3 exf3 20. Rxf3 Ne4 21. Qb4
Ndf6 22. Nf2 Nxf2 23. Rxf2 Ng4 24. Bf3 Rxe3 25. Bxg4 Bxg4 26. Be5 Re8 27. Qxb7
Bf3 28. Qc6 Re6 29. Qc1 Re2 30. Qc8+ Kh7 31. Qh8+ Kg6 32. Qg7+ Kf5 33. Rxf3+
Qxf3 34. Qxf7+ Ke4 35. Qh7+ Ke3 0-1

[Event "CRO Ch seniors"]
[Site "Malinska"]
[Date "2018.11.07"]
[Round "5.4"]
[White "Deris, Antun"]
[Black "Brigljevic, Milan"]
[Result "1/2-1/2"]
[WhiteElo "1979"]
[BlackElo "2161"]
[PlyCount "135"]
[EventDate "2018.??.??"]
[WhiteClock "1:31:00"]
[BlackClock "1:32:00"]

1. e4 c5 2. Nf3 e6 3. d4 cxd4 4. Nxd4 Nf6 5. Nc3 d6 6. Be2 Be7 7. Be3 Nc6 8.
Qd2 O-O 9. O-O-O d5 10. exd5 Nxd5 11. Nxd5 Qxd5 12. Kb1 Nb4 13. Nb3 Qxd2 14.
Rxd2 Nd5 15. Bc5 Bxc5 16. Nxc5 b6 17. Ne4 Bb7 18. Bf3 Rfd8 19. Rhd1 Rac8 20.
Rd4 b5 21. Be2 a6 22. c4 bxc4 23. Bxc4 Kf8 24. f3 Ke7 25. Bxd5 Rxd5 26. Nc3
Rxd4 27. Rxd4 a5 28. Rd2 h5 29. Kc2 h4 30. f4 Rc5 31. Kd3 g5 32. g3 hxg3 33.
hxg3 Rf5 34. Ke3 e5 35. Rf2 exf4+ 36. gxf4 g4 37. Ne2 Rh5 38. f5 Rh3+ 39. Kf4
Rf3+ 40. Rxf3 gxf3 41. Ng3 Kd6 42. Ke3 Ke5 43. Nf1 Kxf5 44. Nh2 Bd5 45. b3 f2
46. Kxf2 Ke4 47. Ke2 Kd4 48. Kd2 f5 49. Nf1 f4 50. Nh2 Bc6 51. Ng4 Bd7 52. Nf2
Be6 53. Nd3 f3 54. Nf2 Bf5 55. Nd1 Bb1 56. a3 Bd3 57. Nf2 Bf5 58. Nd1 Bd7 59.
Nf2 Be6 60. b4 a4 61. Nd3 Bc4 62. Nf2 Bb5 63. Nd1 Bd7 64. Nf2 Kc4 65. Nd3 Kb3
66. Ke3 Kxa3 67. Kxf3 Bb5 68. Nc5 1/2-1/2

[Event "CRO Ch seniors"]
[Site "Malinska"]
[Date "2018.11.07"]
[Round "5.5"]
[White "Josipovic, Perica"]
[Black "Samblic, Silvano"]
[Result "1/2-1/2"]
[WhiteElo "2131"]
[BlackElo "2018"]
[PlyCount "91"]
[EventDate "2018.??.??"]
[WhiteClock "1:30:00"]
[BlackClock "1:30:00"]

1. d4 d5 2. c4 e6 3. cxd5 exd5 4. Nc3 Nf6 5. Bg5 Be7 6. e3 c6 7. Nf3 Nbd7 8.
Bd3 Ne4 9. Bf4 g5 10. Be5 Nxc3 11. bxc3 Bf6 12. Bg3 h5 13. h4 g4 14. Nd2 Nf8
15. e4 Ng6 16. exd5 Qxd5 17. Bxg6 fxg6 18. O-O O-O 19. Re1 Bf5 20. Nf1 Qd8 21.
Qb3+ Rf7 22. Ne3 Bxh4 23. Nxf5 gxf5 24. Bf4 Bg5 25. Be5 h4 26. Qe6 Kf8 27. Qg6
Bf6 28. Qxf5 Bxe5 29. Qxe5 Qf6 30. Qxf6 Rxf6 31. Re4 Rg6 32. Rb1 b6 33. Rbe1
Rd8 34. Rf4+ Kg7 35. Ree4 g3 36. fxg3 hxg3 37. Kf1 a5 38. Ke2 c5 39. dxc5 bxc5
40. Rg4 Rb8 41. Rxg6+ Kxg6 42. Kd3 Kf5 43. Re2 a4 44. a3 Rb3 45. Ra2 Ke5 46.
Re2+ 1/2-1/2

[Event "CRO Ch seniors"]
[Site "Malinska"]
[Date "2018.11.07"]
[Round "5.6"]
[White "Sulc, Gordana"]
[Black "Ivanovic, Zeljko"]
[Result "0-1"]
[WhiteElo "1856"]
[BlackElo "2004"]
[PlyCount "78"]
[EventDate "2018.??.??"]
[WhiteClock "1:32:00"]
[BlackClock "1:32:00"]

1. e4 e5 2. Nf3 Nc6 3. Bb5 a6 4. Ba4 Nf6 5. d3 b5 6. Bb3 Be7 7. O-O O-O 8. a4
b4 9. Bd5 Nxd5 10. exd5 Nd4 11. Nxe5 Bb7 12. c3 Nf5 13. Qg4 g6 14. c4 Bf6 15.
Qf4 Re8 16. Nf3 c6 17. g4 Ng7 18. d6 Ne6 19. Qg3 Nc5 20. g5 Bg7 21. Nfd2 Be5
22. Qg4 Nxd3 23. c5 Nxc1 24. Rxc1 Bxb2 25. h4 Bxc1 26. Ne4 Bb2 27. Ra2 Bg7 28.
a5 b3 29. Ra3 b2 30. Kg2 Rb8 31. Qf4 Re5 32. f3 Bc8 33. Qd2 Qe8 34. Qc2 Rb4 35.
Nbd2 Qe6 36. Rb3 Rb5 37. Rxb5 cxb5 38. Nf6+ Bxf6 39. gxf6 Re2+ 0-1

[Event "CRO Ch seniors"]
[Site "Malinska"]
[Date "2018.11.07"]
[Round "5.7"]
[White "Kostanjsek, Zorko"]
[Black "Causevic, Miro"]
[Result "1-0"]
[WhiteElo "2156"]
[BlackElo "1689"]
[PlyCount "65"]
[EventDate "2018.??.??"]
[WhiteClock "1:25:00"]
[BlackClock "1:30:00"]

1. Nf3 d5 2. c4 d4 3. e3 c5 4. b4 dxe3 5. fxe3 cxb4 6. d4 e6 7. Bd3 Nf6 8. O-O
Be7 9. Bb2 Bd7 10. Qe2 Bc6 11. Nbd2 a5 12. e4 a4 13. Rae1 Qb6 14. Kh1 Qc7 15.
d5 Bd7 16. e5 Nxd5 17. cxd5 exd5 18. Nd4 Be6 19. Rc1 Qb6 20. Nxe6 Qxe6 21. Bf5
Qa6 22. Bd3 Qe6 23. Bb5+ Nc6 24. Nf3 O-O 25. Bxc6 bxc6 26. Nd4 Qd7 27. Nf5 Bg5
28. Qg4 Qd8 29. h4 h6 30. hxg5 hxg5 31. Rf3 g6 32. Rh3 Qc8 33. Ne7+ 1-0

[Event "CRO Ch seniors"]
[Site "Malinska"]
[Date "2018.11.08"]
[Round "6.2"]
[White "Martic, Zlatko"]
[Black "Dusper, Hrvoje"]
[Result "1-0"]
[WhiteElo "2267"]
[BlackElo "2201"]
[PlyCount "83"]
[EventDate "2018.??.??"]
[WhiteClock "1:27:00"]
[BlackClock "1:30:00"]

1. d4 d5 2. Bf4 Bf5 3. Nf3 Nf6 4. e3 e6 5. Nbd2 Bd6 6. Ne5 h6 7. g4 Bh7 8. h4
Nfd7 9. g5 Nxe5 10. dxe5 Be7 11. gxh6 gxh6 12. Bd3 Bxd3 13. cxd3 Nc6 14. Qh5
Qd7 15. a3 O-O-O 16. Rg1 f6 17. exf6 Bxf6 18. d4 Ne7 19. Rc1 c6 20. b4 Nf5 21.
Nf3 Rhg8 22. Ke2 Qe8 23. Qxe8 Rdxe8 24. Rxg8 Rxg8 25. b5 Nxh4 26. bxc6 Nxf3 27.
Kxf3 h5 28. cxb7+ Kxb7 29. Rc7+ Kb6 30. Rh7 h4 31. Rh6 Rf8 32. Kg4 Kb5 33. Bd6
Rf7 34. Kh5 Bd8 35. Rxe6 Rxf2 36. Re8 h3 37. Rxd8 h2 38. Rb8+ Kc6 39. Bxh2
Rxh2+ 40. Kg4 Rf2 41. Rc8+ Kd7 42. Ra8 1-0

[Event "CRO Ch seniors"]
[Site "Malinska"]
[Date "2018.11.08"]
[Round "6.3"]
[White "Brigljevic, Milan"]
[Black "Mravunac, Damir"]
[Result "1-0"]
[WhiteElo "2161"]
[BlackElo "2196"]
[PlyCount "165"]
[EventDate "2018.??.??"]
[WhiteClock "1:30:00"]
[BlackClock "1:30:00"]

1. e4 c5 2. c3 Nf6 3. e5 Nd5 4. d4 e6 5. Nf3 cxd4 6. cxd4 Nc6 7. a3 d6 8. b4 a6
9. Bb2 Be7 10. Nbd2 O-O 11. g3 b5 12. Bg2 a5 13. bxa5 Nxa5 14. O-O Nc4 15. Nxc4
bxc4 16. Rc1 Ba6 17. Re1 Rb8 18. Qc2 Qa5 19. exd6 Bxd6 20. Ne5 Rfc8 21. Bc3
Nxc3 22. Qxc3 Qxc3 23. Rxc3 Rb3 24. Ree3 Bxa3 25. Bf1 Rxc3 26. Rxc3 Bb2 27. Rc2
Bxd4 28. Nxc4 g5 29. Na3 Ra8 30. Nb5 Bb6 31. Ra2 Bb7 32. Rxa8+ Bxa8 33. Bg2
Bxg2 34. Kxg2 h5 35. h3 f5 36. f3 Kf7 37. Nd6+ Kg6 38. Nc4 Bc7 39. g4 Bf4 40.
Nb6 Be3 41. Nc4 Bd4 42. Kf1 Kf6 43. Ke2 e5 44. Nd6 fxg4 45. fxg4 h4 46. Kd3 Bb2
47. Ne4+ Kg6 48. Kc4 Bc1 49. Kd5 Bf4 50. Ke6 Bg3 51. Kd5 Bf4 52. Nd6 Kf6 53.
Nc4 Bh2 54. Nd6 Bf4 55. Ne4+ Kg6 56. Nc5 Bg3 57. Nd7 Bf4 58. Nxe5+ Kf6 59. Nd7+
Kf7 60. Nc5 Kf6 61. Nd7+ Ke7 62. Ne5 Kf6 63. Nf3 Bc1 64. Ke4 Bb2 65. Nd4 Bc1
66. Nf5 Bb2 67. Kd5 Ba3 68. Nd6 Bc1 69. Ne4+ Kg6 70. Ke6 Bb2 71. Nd6 Ba3 72.
Nf7 Bb2 73. Ne5+ Kh6 74. Kf5 Bc1 75. Nf7+ Kg7 76. Nxg5 Be3 77. Nf3 Bf2 78. Kg5
Be3+ 79. Kh5 Kf6 80. Nxh4 Bc1 81. Nf3 Bb2 82. Kh6 Kf7 83. Kh7 1-0

[Event "CRO Ch seniors"]
[Site "Malinska"]
[Date "2018.11.08"]
[Round "6.4"]
[White "Deris, Antun"]
[Black "Kostanjsek, Zorko"]
[Result "1-0"]
[WhiteElo "1979"]
[BlackElo "2156"]
[PlyCount "75"]
[EventDate "2018.??.??"]
[WhiteClock "1:30:00"]
[BlackClock "1:30:00"]

1. e4 d6 2. d4 Nf6 3. Nc3 e5 4. Nf3 Nbd7 5. Bc4 Be7 6. Bxf7+ Kxf7 7. Ng5+ Kg8
8. Ne6 Qe8 9. Nxc7 Qg6 10. O-O Rb8 11. f4 h6 12. dxe5 dxe5 13. Be3 b6 14. N3d5
Nxd5 15. Nxd5 Bf8 16. fxe5 Kh7 17. Bf4 Bc5+ 18. Kh1 Ba6 19. Rf3 Qe6 20. b4 Bf8
21. Nc7 Qc4 22. e6 Nf6 23. Nxa6 Rc8 24. Qd3 Qxc2 25. e5+ Ne4 26. Qxc2 Rxc2 27.
a3 Be7 28. Rff1 Rf8 29. Be3 Re8 30. Rac1 Ra2 31. Nc7 Rd8 32. Rf7 Rxa3 33. Rxe7
Rxe3 34. Rd7 Rf8 35. e7 Rf2 36. e8=Q Ree2 37. Rxg7+ Kxg7 38. Ne6+ 1-0

[Event "CRO Ch seniors"]
[Site "Malinska"]
[Date "2018.11.08"]
[Round "6.6"]
[White "Sulc, Gordana"]
[Black "Samblic, Silvano"]
[Result "1-0"]
[WhiteElo "1856"]
[BlackElo "2018"]
[PlyCount "177"]
[EventDate "2018.??.??"]
[WhiteClock "1:29:00"]
[BlackClock "1:30:00"]

1. e4 c6 2. d4 d5 3. Nd2 dxe4 4. Nxe4 Nf6 5. Nxf6+ exf6 6. c3 Bd6 7. Bd3 Be6 8.
Ne2 Qc7 9. Qc2 Nd7 10. c4 b6 11. Bd2 c5 12. Be4 Rd8 13. d5 Bg4 14. f3 Bh5 15.
O-O-O Bg6 16. h4 O-O 17. Bxg6 fxg6 18. f4 Rfe8 19. Rde1 b5 20. h5 f5 21. hxg6
hxg6 22. g3 Re4 23. cxb5 Rde8 24. Nc3 Rxe1+ 25. Rxe1 Rxe1+ 26. Bxe1 Nf6 27. Qe2
Qf7 28. Qf3 Qe8 29. Bd2 Qf7 30. Qd3 Nd7 31. a4 g5 32. fxg5 Ne5 33. Qe2 c4 34.
Bf4 Nd3+ 35. Kb1 Nxf4 36. gxf4 Bxf4 37. Qxc4 Bxg5 38. Qc8+ Kh7 39. Qe6 Qf8 40.
d6 f4 41. Ne4 Bd8 42. d7 f3 43. Qh3+ Kg8 44. Qe6+ Kh7 45. Nf2 Bb6 46. Ne4 Bd8
47. Qh3+ Kg8 48. Nf2 Bb6 49. Qh4 Bxf2 50. Qxf2 Qf5+ 51. Ka2 Qd5+ 52. b3 g5 53.
d8=Q+ Qxd8 54. Qxf3 Qd2+ 55. Kb1 Qe1+ 56. Kc2 Qe7 57. Kd2 Qb4+ 58. Ke2 Qd4 59.
Qe3 Qb2+ 60. Kf3 Qg7 61. Kg4 Kh7 62. Qxg5 Qd4+ 63. Qf4 Qd1+ 64. Qf3 Qg1+ 65.
Kf4 Qc1+ 66. Qe3 Qc7+ 67. Ke4 Qe7+ 68. Kd3 Qd6+ 69. Qd4 Qg3+ 70. Kc4 Qc7+ 71.
Kb4 Qe7+ 72. Kc3 Qe1+ 73. Kb2 Qa5 74. Ka3 Qc7 75. Qe4+ Kg7 76. Qd4+ Kh7 77.
Qe4+ Kg7 78. Qc4 Qd6+ 79. Kb2 Qh2+ 80. Qc2 Qg1 81. a5 Kf7 82. Qc7+ Ke6 83. b6
Qf2+ 84. Ka3 Qf8+ 85. Ka4 Qe8+ 86. Kb4 Qf8+ 87. Kb5 Qf5+ 88. Ka6 axb6 89. Qc8+
1-0

[Event "CRO Ch seniors"]
[Site "Malinska"]
[Date "2018.11.08"]
[Round "6.7"]
[White "Causevic, Miro"]
[Black "Mandekic, Ivan"]
[Result "0-1"]
[WhiteElo "1689"]
[BlackElo "2232"]
[PlyCount "35"]
[EventDate "2018.??.??"]
[WhiteClock "1:28:00"]
[BlackClock "1:30:00"]

1. e4 c6 2. d4 d5 3. Nc3 dxe4 4. Nxe4 Bf5 5. Ng3 Bg6 6. Nf3 Nd7 7. Be3 Ngf6 8.
Bc4 e6 9. c3 Bd6 10. Bd3 Qc7 11. Bxg6 hxg6 12. Qd3 Ng4 13. O-O-O O-O-O 14. Ne4
Bf4 15. Qe2 Ndf6 16. Nc5 Nd5 17. Bxf4 Nxf4 18. Kb1 0-1

[Event "CRO Ch seniors"]
[Site "Malinska"]
[Date "2018.11.09"]
[Round "7.3"]
[White "Dusper, Hrvoje"]
[Black "Deris, Antun"]
[Result "1-0"]
[WhiteElo "2201"]
[BlackElo "1979"]
[PlyCount "61"]
[EventDate "2018.??.??"]
[WhiteClock "1:30:00"]
[BlackClock "1:30:00"]

1. e4 d5 2. exd5 Qxd5 3. Nc3 Qa5 4. d4 c6 5. Nf3 Nf6 6. Ne5 Bf5 7. g4 Bg6 8. h4
h5 9. Nxg6 fxg6 10. Qd3 Kf7 11. g5 Nd5 12. Qf3+ Ke8 13. Bd3 Nd7 14. Bxg6+ Kd8
15. Bd2 Nxc3 16. Bxc3 Qd5 17. Qxd5 cxd5 18. Bf7 Kc7 19. Bxd5 Nb6 20. Be6 Kd6
21. d5 Nxd5 22. Bxd5 Kxd5 23. O-O-O+ Kc6 24. Rhe1 Re8 25. Re6+ Kc7 26. Be5+ Kc8
27. f4 Rd8 28. Rxd8+ Kxd8 29. f5 Kd7 30. g6 Rg8 31. c4 1-0

[Event "CRO Ch seniors"]
[Site "Malinska"]
[Date "2018.11.09"]
[Round "7.4"]
[White "Mandekic, Ivan"]
[Black "Ivanovic, Zeljko"]
[Result "1-0"]
[WhiteElo "2232"]
[BlackElo "2004"]
[PlyCount "57"]
[EventDate "2018.??.??"]
[WhiteClock "1:26:00"]
[BlackClock "1:30:00"]

1. Nf3 Nf6 2. c4 g6 3. g3 Bg7 4. Bg2 O-O 5. O-O d5 6. cxd5 Nxd5 7. Nc3 c5 8.
Nxd5 Qxd5 9. d3 Nc6 10. Be3 Qd6 11. Rc1 Nd4 12. Nxd4 cxd4 13. Bf4 e5 14. Bd2
Rd8 15. Ba5 Re8 16. Qd2 Bf8 17. a3 Qa6 18. Bb4 Bd7 19. Bxf8 Rxf8 20. Rc5 Qd6
21. Rfc1 Rab8 22. h4 Rfe8 23. b4 a6 24. Qg5 f6 25. Qh6 Rec8 26. Bxb7 Rxc5 27.
bxc5 Qc7 28. Bd5+ Kh8 29. h5 1-0

[Event "CRO Ch seniors"]
[Site "Malinska"]
[Date "2018.11.09"]
[Round "7.5"]
[White "Mravunac, Damir"]
[Black "Kostanjsek, Zorko"]
[Result "0-1"]
[WhiteElo "2196"]
[BlackElo "2156"]
[PlyCount "78"]
[EventDate "2018.??.??"]
[WhiteClock "1:30:00"]
[BlackClock "1:30:00"]

1. e4 d6 2. d4 Nf6 3. Nc3 e5 4. Nge2 Be7 5. f3 c6 6. g4 exd4 7. Qxd4 O-O 8. Bf4
d5 9. e5 Ne8 10. g5 Nc7 11. h4 c5 12. Qf2 b5 13. O-O-O b4 14. Ne4 Ne6 15. Nf6+
gxf6 16. gxf6 Bxf6 17. exf6 Nxf4 18. Nxf4 Qxf6 19. Nxd5 Qd6 20. Rg1+ Kh8 21.
Kb1 Nc6 22. Bc4 Rb8 23. Qg2 Qh6 24. Qg3 Be6 25. Qd6 Rbc8 26. Qxc5 Ne5 27. Qd4
f6 28. Nxf6 Nxf3 29. Qe4 Bxc4 30. Nd7 Rf4 31. Qe3 Rf6 32. Qe7 Rf7 33. Qxb4 Nxg1
34. Ne5 Rg7 35. Nxc4 Qxh4 36. b3 Ne2 37. Rf1 Qd4 38. Rf8+ Rxf8 39. Qxf8+ Rg8
0-1

[Event "CRO Ch seniors"]
[Site "Malinska"]
[Date "2018.11.09"]
[Round "7.6"]
[White "Josipovic, Perica"]
[Black "Sulc, Gordana"]
[Result "1-0"]
[WhiteElo "2131"]
[BlackElo "1856"]
[PlyCount "121"]
[EventDate "2018.??.??"]
[WhiteClock "1:29:00"]
[BlackClock "1:30:00"]

1. d4 Nf6 2. Nf3 e6 3. c3 b6 4. Bg5 Bb7 5. Nbd2 d5 6. e3 Be7 7. Bb5+ c6 8. Bd3
Nbd7 9. O-O h6 10. Bh4 a6 11. Re1 c5 12. Bc2 Qc7 13. Rc1 Bd6 14. Bg3 Bxg3 15.
hxg3 Ne4 16. Nxe4 dxe4 17. Nd2 Nf6 18. Qe2 h5 19. b4 Rh6 20. bxc5 bxc5 21. Qc4
Rc8 22. Ba4+ Kf8 23. Nb3 Nd7 24. Bxd7 Qxd7 25. Nxc5 Qe7 26. Qb4 Rc7 27. Nxb7
Rxb7 28. Qxe7+ Kxe7 29. Rb1 Rc7 30. Rec1 h4 31. gxh4 Rxh4 32. g3 Rh5 33. Rb4 a5
34. Rb6 Rc4 35. Kg2 Rd5 36. g4 Rd7 37. Kg3 g5 38. Ra6 a4 39. Rh1 Rxc3 40. Rxa4
Rb7 41. Ra5 Rc2 42. Rxg5 Rxa2 43. Re5 Kd6 44. Rxe4 f5 45. Rf4 Rg7 46. Rh4 Ra8
47. Kf3 Rxg4 48. Rhxg4 fxg4+ 49. Rxg4 Rf8+ 50. Rf4 Ra8 51. Ke4 Ra5 52. Rh4 Rf5
53. f3 Ra5 54. Rh7 Rb5 55. Rf7 Rb1 56. f4 Rh1 57. Ra7 Rh5 58. Rg7 Ra5 59. Rg5
Ra1 60. f5 Ra5 61. Kf4 1-0

[Event "CRO Ch seniors"]
[Site "Malinska"]
[Date "2018.11.09"]
[Round "7.7"]
[White "Samblic, Silvano"]
[Black "Causevic, Miro"]
[Result "1-0"]
[WhiteElo "2018"]
[BlackElo "1689"]
[PlyCount "45"]
[EventDate "2018.??.??"]
[WhiteClock "1:29:00"]
[BlackClock "1:30:00"]

1. e4 c5 2. Nc3 Nc6 3. d3 d6 4. g3 Bd7 5. Bg2 Qc8 6. f4 Nf6 7. Nf3 g6 8. O-O
Bg7 9. Ne2 Rb8 10. c3 Bg4 11. Nh4 h6 12. Be3 e5 13. fxe5 Nxe5 14. Qd2 Be6 15.
Nf4 Bd7 16. Nd5 Nxd5 17. exd5 Kd8 18. b3 Kc7 19. d4 g5 20. dxe5 gxh4 21. exd6+
Kxd6 22. Bf4+ Be5 23. Bxe5+ 1-0